书目信息 |
| 题名: |
创意与责任
|
|
| 作者: | 胡智锋 著 | |
| 分册: | ||
| 出版信息: | 北京 中国传媒大学出版社 2010.04 |
|
| 页数: | 286页 | |
| 开本: | 26cm | |
| 丛书名: | ||
| 单 册: | ||
| 中图分类: | G229.2 | |
| 科图分类: | ||
| 主题词: | 电视--传播媒介--发展--研究--中国 , 电视 , 传播媒介 | |
| 电子资源: | ||
| ISBN: | 978-7-81127-862-0 | |
| 000 | 01176nam0 2200277 450 | |
| 001 | 012010068887 | |
| 005 | 20130627101013.58 | |
| 010 | @a978-7-81127-862-0@dCNY45.00 | |
| 100 | @a20100112d2010 em y0chiy0110 ea | |
| 101 | 0 | @achi |
| 102 | @aCN@b110000 | |
| 105 | @ay z 000yy | |
| 106 | @ar | |
| 200 | 1 | @a创意与责任@9chuang yi yu ze ren@e中国电视的本土化生存@f胡智锋著 |
| 210 | @a北京@c中国传媒大学出版社@d2010.04 | |
| 215 | @a286页@d26cm | |
| 300 | @a教育部人文社会科学基地重点研究项目《文化创意产业与中国影视文化建设问题研究》(05JJD860006)资助 中国传媒大学“211工程”三期重点学科建设项目《中国特色电视艺术学学科理论创新研究》(21103030301)资助 | |
| 330 | @a本书力图在理论与实践的结合中进行自上而下的演绎和自下而上的概括,从而为中国电视发展,创新的历史轨迹作一阶段的梳理与描述,为中国电视不断提升自己的竞争力和影响力,提升其品质与境界提供一些思考与探索。 | |
| 517 | 1 | @a中国电视的本土化生存@9zhong guo dian shi de ben tu hua sheng cun |
| 606 | 0 | @a电视@x传播媒介@x发展@x研究@y中国 |
| 606 | 0 | @a电视 |
| 606 | 0 | @a传播媒介 |
| 690 | @aG229.2@v4 | |
| 701 | 0 | @a胡智锋@9hu zhi feng@4著 |
| 801 | 0 | @aCN@bRENTIAN@c20100420 |
| 905 | @b546426-30@dG229.2@e169@f5 | |
| 创意与责任:中国电视的本土化生存/胡智锋著.-北京:中国传媒大学出版社,2010.04 |
| 286页;26cm |
| 教育部人文社会科学基地重点研究项目《文化创意产业与中国影视文化建设问题研究》(05JJD860006)资助 中国传媒大学“211工程”三期重点学科建设项目《中国特色电视艺术学学科理论创新研究》(21103030301)资助 |
| ISBN 978-7-81127-862-0:CNY45.00 |
| 本书力图在理论与实践的结合中进行自上而下的演绎和自下而上的概括,从而为中国电视发展,创新的历史轨迹作一阶段的梳理与描述,为中国电视不断提升自己的竞争力和影响力,提升其品质与境界提供一些思考与探索。 |
| ● |
| 相关链接 |
|
|
|
|
正题名:创意与责任
索取号:G229.2/169
 
预约/预借
| 序号 | 登录号 | 条形码 | 馆藏地/架位号 | 状态 | 备注 |
| 1 | 546426 | 205464264 | 第一样本阅览室/ [索取号:G229.2/169] | 在馆 | |
| 2 | 546427 | 205464273 | 密集书库-文学院/ [索取号:G229.2/169] | 在馆 | |
| 3 | 546428 | 205464282 | 第四借阅区/ [索取号:G229.2/169] | 在馆 | |
| 4 | 546429 | 205464291 | 第四借阅区/ [索取号:G229.2/169] | 在馆 | |
| 5 | 546430 | 205464308 | 第四借阅区/ [索取号:G229.2/169] | 在馆 |